| 000 | 00820nam a22002537a 4500 | ||
|---|---|---|---|
| 003 | dpl | ||
| 005 | 20180809125108.0 | ||
| 008 | 180809b xxu||||| |||| 00| 0 eng d | ||
| 010 | _aB-129956 | ||
| 020 |
_c395.00 _a81888340103 |
||
| 035 | _aB-129956, B-129981 | ||
| 037 | _bCen Lib/Ret | ||
| 040 |
_aDPL _bEN _c0 |
||
| 082 |
_a305.56 _bSAM |
||
| 100 |
_aSamujh, Ram _9105428 |
||
| 245 |
_aReservation policy : _cby Ram Samujh _bits relevance in modern India |
||
| 260 |
_aMumbai _bSamrudh Bharat Publication _c2005 |
||
| 270 |
_aB-6,Shalimar Apt., W.E. Highway, Santacruz _bMumbai _e400055 |
||
| 300 |
_aiii,182p. : _c24cm(Hb) _bill, col. |
||
| 500 | _aIncludes bibliographical reference | ||
| 650 |
_aIndian Law _91183 |
||
| 650 |
_aReservation policy _9105429 |
||
| 942 |
_2ddc _cEN _h305.56 _mSAM |
||
| 999 |
_c122499 _d122499 |
||